000 01206nam a2200325 a 4500
001 000042069
005 20201002035923.0
008 131112s2013 dr r 001 0 spa d
020 _a9789945074772
040 _aDO-SdBNP
_bspa
_cBNPHU
082 _axxxx
_bxxxx
245 0 0 _aHistoria de Cuba. /
_cJosé Abreu Cardet... [et.al.]; presentación, Ramón Paniagua.
260 _aSanto Domingo, :
_bArchivo General de la Nación,
_c2013.
300 _a469 p. ;
_c23 cm.
490 1 _aArchivo General de la Nación
_v186
504 _aBibliografía : p. 413-445
500 _aIncluye índice onomástico
500 _aIncluye notas y referencias bibliografícas a pie de página.
700 1 _aAbreu Cardet, José
_962665
700 1 _aValcácel Rojas, Roberto
_969057
700 1 _aPeña Obregón, Ángela
_969058
700 1 _aNovoa Betancourt, José
_969059
700 1 _aCuba de la Cruz, Armando
_969060
700 1 _aPérez Concepción, Hernel
_969061
700 1 _aOchoa Carballosa, Minervino
_969062
700 1 _aAguilar, Mayra San Miguel
_969063
700 1 _aSintes Gómez, Elia
_969064
700 1 _aPaniagua, Ramón
_epres.
_963851
830 0 _aArchivo General de la Nación
_n186
_969065
999 _c41558
_d41558